|
|
|
|
| LEADER |
00000nam2a2200000 4500 |
| 001 |
272888 |
| 005 |
20231101234558.0 |
| 020 |
|
|
|a RU
|b 87-67694
|
| 035 |
|
|
|a (RuTPU)RU\TPU\book\296097
|
| 090 |
|
|
|a 272888
|
| 100 |
|
|
|a 20141022g1987 k y0rusy5003 ca
|
| 101 |
0 |
|
|a rus
|
| 102 |
|
|
|a BY
|
| 105 |
|
|
|a a z 101zy
|
| 200 |
0 |
|
|a Ч. 1
|
| 210 |
|
|
|d 1987
|
| 215 |
|
|
|a 152 с.
|c ил.
|
| 320 |
|
|
|a Библиогр. в конце ст.
|
| 461 |
|
1 |
|0 (RuTPU)RU\TPU\book\286593
|t Современные экспериментальные методы исследования процессов тепло- и массообмена
|o материалы Международной школы-семинара , май 1987 г., Минск
|f Академия наук Белорусской ССР (АН БССР), Институт тепло- и массообмена им. А. В. Лыкова (ИТМО)
|v Ч. 1
|d 1987
|
| 606 |
1 |
|
|a Тепломассообмен
|x (физика)
|2 stltpush
|3 (RuTPU)RU\TPU\subj\58920
|9 76603
|
| 610 |
1 |
|
|a физика
|
| 610 |
1 |
|
|a теплообмен
|
| 610 |
1 |
|
|a массообмен
|
| 610 |
1 |
|
|a жидкости
|
| 610 |
1 |
|
|a газы
|
| 610 |
1 |
|
|a электромагнитные поля
|
| 610 |
1 |
|
|a высокотемпературные газы
|
| 610 |
1 |
|
|a оптико-спектроскопические исследования
|
| 610 |
1 |
|
|a многофазные течения
|
| 610 |
1 |
|
|a дуговая плазма
|
| 610 |
1 |
|
|a поляризационные эффекты
|
| 610 |
1 |
|
|a твердые тела
|
| 610 |
1 |
|
|a воспламеняемость
|
| 610 |
1 |
|
|a электрохимические методы
|
| 610 |
1 |
|
|a научные труды
|
| 610 |
1 |
|
|a материалы семинара
|
| 675 |
|
|
|a 536.2(063)
|v 4
|
| 801 |
|
0 |
|a RU
|b RuMRKP
|c 19960705
|g psbo
|
| 801 |
|
1 |
|a RU
|b 63413507
|c 20141022
|
| 801 |
|
2 |
|a RU
|b 63413507
|c 20170320
|g RCR
|
| 942 |
|
|
|c BK
|